000
00304nam a2200121Ia 4500
008
241015s9999 xx 000 0 und d
041
_a
eng
082
_a
658.78 HID
100
_a
Clark Hiddleston
245
_a
Logistics Management
260
_b
States Academic Press
_a
USA
_c
2022
300
_a
234;. P 25 cm
999
_c
41668
_d
41668